000 00555nam a2200205 i 4500
001 bg
100 1 _aCHRZANOWSKA, Ewa
245 1 0 _aWycena bilansowa aktywów i pasywów zamknięcie roku 2000 /
_cEwa Chrzanowska.
260 _aGdańsk :
_bOśrodek Doradztwa i Doskonalenia Kadr,
_c2001.
300 _a126 s. :
_b21 cm.
650 9 _aBilans księgowy
655 _aPoradniki
020 _a8371874774
040 _cBPK
041 0 _apol
080 _a657.3
920 _a83-71874-77-4
942 _cKS
008 s pl f |000 0 pol
999 _c35398
_d35398
856 _uhttp://koha.tu.koszalin.pl/cgi-bin/koha/opac-detail.pl?biblionumber=35398
_yKatalog online BPK